Rechtsschutz bei normativem Unrecht /
Saved in:
| Main Author: | |
|---|---|
| Format: | Book |
| Language: | German |
| Published: |
Berlin :
Duncker und Humblot,
1979.
|
| Series: | Schriften zum öffentlichen Recht ;
Bd. 357. |
| Subjects: | |
| Tags: |
Add Tag
No Tags, Be the first to tag this record!
|
| LEADER | 00968cam a2200301 i 4500 | ||
|---|---|---|---|
| 001 | 005174568-2 | ||
| 005 | 20020606095253.2 | ||
| 008 | 791212s1979 gw b 001 0 ger | ||
| 010 | |a 79390843 //r89 | ||
| 015 | |a GFR79-A | ||
| 020 | |a 3428042921 : |c DM128.00 | ||
| 035 | 0 | |a ocm05894201 | |
| 035 | 0 | |a ocm05894201 |z ocm05687668 | |
| 040 | |a DLC |c DLC |d HVL | ||
| 043 | |a e-gw--- | ||
| 100 | 1 | |a Schenke, Wolf-Rüdiger. | |
| 245 | 1 | 0 | |a Rechtsschutz bei normativem Unrecht / |c von Wolf-Rüdiger Schenke. |
| 260 | |a Berlin : |b Duncker und Humblot, |c 1979. | ||
| 300 | |a 390 p. ; |c 24 cm. | ||
| 490 | 1 | |a Schriften zum öffentlichen Recht ; |v Bd. 357 | |
| 500 | |a Includes index. | ||
| 504 | |a Bibliography: p. [369]-383. | ||
| 650 | 0 | |a Actions and defenses |z Germany (West) | |
| 650 | 0 | |a Abuse of administrative power |z Germany (West) | |
| 650 | 0 | |a Judicial review |z Germany (West) | |
| 830 | 0 | |a Schriften zum öffentlichen Recht ; |v Bd. 357. | |
| 988 | |a 20020608 | ||
| 906 | |0 DLC | ||


